Geometry Dash - Popular Levels - Statistics

General Stats
  • This quiz has been taken 47 times
  • The average score is 8 of 20
Answer Stats
Hint Creator Answer % Correct
89.6M Riot Bloodbath
95%
100.1M Jax The Nightmare
83%
58.6M Zobros Nine Circles
75%
92.5M DiMaViKuLov26 ReTraY
75%
42.6M Ggb0y Cataclysm
70%
107.4M Nicki1202 OuterSpace
63%
99.2M JerkRat Sonar
53%
62M Timeless Real The Lightning Road
48%
84.3M Cody Level Easy
45%
72.9M Roli GD Dark Paradise
33%
45M Dorabae Dorabaebasic4
30%
63.8M Berkoo Amplification
25%
70.9M JefryKawaii Acid Factory
23%
59.7M Adiale Promises
23%
48.4M SirHadoken Chambers
15%
65.3M ScanBrux Dreamland
15%
44.7M ZenthicAlpha Speed Racer
15%
48.9M Jax Auto Play Area
13%
58.5M PMK End of Line
10%
45.2M Creator Cloud Flappy Hexagon
8%
No matching quizzes found
Score Distribution
Percent of People with Each Score
Percentile by Number Answered
Your Score History
You have not taken this quiz